Gand - Choix multiples - Statistiques

Statistiques générales
  • Ce quiz a été pris 26 fois
  • Le résultat moyen est 6 sur 10
Statistiques - réponses
Question Réponse % Correct
Quelle soupe-repas mijotée à base de poisson ou de poulet est originaire de Gand et est devenue l'un des plats emblématiques de la Belgique ? Le waterzooï
91%
Quel célèbre polyptique également appelé le Retable de Gand est exposé à la cathédrale Saint-Bavon de Gand ? L'Agneau mystique des frères Hubert et Jan van Eyck
83%
Parmi les empereurs suivants, lequel naquit à Gand ? Charles Quint
70%
De quelle province belge Gand est-elle le chef-lieu ? La Flandre orientale
70%
Quel fleuve arrose Gand ? L'Escaut
70%
Parmi les photographies suivantes, reconnaissez-vous Gand ?
61%
Quel festival botanique est organisé tous les quatre ans au printemps à Gand ? Les Floralies
61%
Dans quel album des aventures de Tintin, le festival précédent est-il mentionné ? Les Bijoux de la Castafiore
48%
Quel film américain raconte la récupération par les Alliés du polyptique précédent dans une mine de sel en Autriche en 1945 où les Allemands qui l'avaient volé, l'ont caché ? Monuments' Men
39%
Dans quelle ville d'Amérique latine le missionnaire Pierre de Gand fonda en 1529 l'école de San José de los Naturales ouverte aux autochtones, qui accueillit déjà 500 élèves trois ans après sa fondation ? Mexico
17%
Aucun quiz correspondant
Distribution des résultats
% des personnes avec chaque résultat
Percentile par nombre de réponses
Votre historique - résultats
Vous n’avez pas pris ce quiz